A COMPLETE HOSPITAL MANUAL OF INSTRUMENT AND PROCODURES (Record no. 1346)

MARC details
000 -LEADER
fixed length control field 00361nam a2200145Ia 4500
008 - FIXED-LENGTH DATA ELEMENTS--GENERAL INFORMATION
fixed length control field 150201s2005 xx 000 0 und d
082 ## - DEWEY DECIMAL CLASSIFICATION NUMBER
Classification number 617
Item number C05K
100 ## - MAIN ENTRY--PERSONAL NAME
Personal name KAPUR , MM.
245 #2 - TITLE STATEMENT
Title A COMPLETE HOSPITAL MANUAL OF INSTRUMENT AND PROCODURES
250 ## - EDITION STATEMENT
Edition statement 1ST
260 ## - PUBLICATION, DISTRIBUTION, ETC. (IMPRINT)
Name of publisher, distributor, etc. JAYPEE
Place of publication, distribution, etc. DELHI
Date of publication, distribution, etc. 2005
300 ## - PHYSICAL DESCRIPTION
Extent 1-688
650 ## - SUBJECT ADDED ENTRY--TOPICAL TERM
Topical term or geographic name as entry element SURGERY
942 ## - ADDED ENTRY ELEMENTS (KOHA)
Source of classification or shelving scheme Dewey Decimal Classification
Koha item type Books
Koha issues (borrowed), all copies 1
Holdings
Withdrawn status Lost status Source of classification or shelving scheme Damaged status Not for loan Collection code Home library Current library Shelving location Date acquired Source of acquisition Cost, normal purchase price SGTU Bill Number Total Checkouts Full call number Barcode Date last seen Bill Date Koha item type Date last checked out
    Dewey Decimal Classification     MEDICAL SGT Medical Library SGT Medical Library Text Book 16/01/2012 JAYPEE 295.00 SGTU 9046   617 C05K FM4985 09/02/2015 23/01/2012 Books  
    Dewey Decimal Classification     MEDICAL SGT Medical Library SGT Medical Library Text Book 16/01/2012 JAYPEE 295.00 SGTU 9046 1 617 C05K FM4986 27/03/2019 23/01/2012 Books 23/03/2019
    Dewey Decimal Classification     MEDICAL SGT Medical Library SGT Medical Library Text Book 16/01/2012 JAYPEE 295.00 SGTU 9046 3 617 C05K FM4987 31/03/2025 23/01/2012 Books 17/03/2025